01309 a2200229 4500001000500000005001700005008004100022003001500063040004000078080003300118245003500151020001800186250001200204264003200216300002400248505057100272100002800843700002300871700002100894700002700915856013700942377920260407155430.0260407a1995 arg spa dAR-UNSa-BCEJYS aAR-UNSa-BCEJYSbspacAR-UNSa-BCEJYS a330.101.541xMacroeconomía10aCurso breve de Macroeconomía a84-481-1716-6 a6a. ed. 1aMadrid :bMcGraw-Hillc1995 axix, 505 p.c23 cm. a1. Introducción - 2. La contabilidad nacional - 3. La renta y el gasto - 4. El dinero, el tipo de interés y la renta - 5. La política monetaria y la política fiscal - 6. Las relaciones internacionales - 7. La demanda y la oferta agregadas: una introducción - 8. La oferta agregada: los salarios, los precios y el empleo - 9. El enfoque del equilibrio con expectativas racionales - 10. El crecimiento a largo plazo y la productividad - 11. El ajuste y la interdependencia internacionales - Guía sobre el funcionamiento de PC-Macroeconomics, versión 2.0 1 aRabasco, María Esther1 aDornbusch, Rudiger1 aFischer, Stanley1 aToharia Cortés, Luis41uhttps://biblioeco.unsa.edu.ar/pmb/images/libros/Macroeconom?a (Rudiger Dornbusch-Stanley Fischer).jpgyImagen de portadaqimage/jpeg